| 000 | 00616pam a2200205 4500 | ||
|---|---|---|---|
| 001 | 1126 | ||
| 003 | OCoLC | ||
| 005 | 20181127162719.0 | ||
| 008 | 020729s2000 enka 001 0 eng | ||
| 020 | _a1840461136 | ||
| 100 | 1 | _aRobinson, Dave. | |
| 245 | 1 | 0 |
_aIntroducing Plato / _cDave Robinson and Judy Groves ; edited by Richard Appignanesi. |
| 260 |
_aDuxford : _bIcon, _c2000. |
||
| 300 |
_a176 p. : _bill. ; _c21 cm. |
||
| 504 | _aIncludes index. | ||
| 600 |
_aPlato. _b _c _d _e _f _k _l _m _n _o _p _q _r _s _t _v _x _y _z _2 |
||
| 650 |
_aPhilosophy, Ancient. _v _x _y _z _2 |
||
| 700 | 1 | _aAppignanesi, Richard. | |
| 700 | 1 | _aGroves, Judy. | |
| 999 |
_c783 _d783 |
||